| 000 | 00415nam a2200145 i 4500 | ||
|---|---|---|---|
| 001 | bg | ||
| 245 | 0 |
_aFortran ICL system 4. Podręcznik programowania / _cTłum. [z ang.] Mieczysław Kwieciński. |
|
| 260 |
_aGdańsk : _bBranżowy Ośr. Przetwarzania Inf., _c1971. |
||
| 300 |
_as. 169 : _brys. |
||
| 040 | _cBPK | ||
| 041 | _apol | ||
| 080 | _a519.682 | ||
| 942 | _cKS | ||
| 008 | s pl f |000 0 pol | ||
| 999 |
_c25752 _d25752 |
||
| 856 |
_uhttp://koha.tu.koszalin.pl/cgi-bin/koha/opac-detail.pl?biblionumber=25752 _yKatalog online BPK |
||